Statistics for Former Clubs Of Current Manchester City Players

Click here to take the quiz!

General Stats

  • This quiz has been taken 392 times
  • The average score is 13 of 21

Answer Stats

PlayerFormer Club% Correct
Claudio BravoBarcelona
89%
Raheem SterlingLiverpool
86%
John StonesEverton
82%
Kevin De BruyneWolfsburg
82%
Ilkay GundoganBorussia Dortmund
79%
Yaya ToureBarcelona
77%
Sergio AgueroAtletico Madrid
75%
Bacary SagnaArsenal
73%
Gael ClichyArsenal
70%
Jesus NavasSevilla
69%
David SilvaValencia
65%
Leroy SaneSchalke
64%
Nicola OtamendiValencia
64%
Fabian DelphAston Villa
63%
FernandinhoShakhtar Donetsk
44%
Vincent KompanyHamburger SV
38%
Willy CaballeroMalaga
37%
NolitoCelta Vigo
36%
Aleksandar KolarovLazio
29%
FernandoPorto
29%
Pablo ZabaletaEspanyol
21%

Score Distribution

Percentile by Number Answered

Percent of People with Each Score

Your Score History

You have not taken this quiz